00968cam a2200289 i 450000100090000000300040000900500170001300800410003001000170007102000180008804000230010604200150012904300120014405000240015608200120018024501010019224600440029326400540033730000500039133600260044133700280046733800270049549000640052265000290058670000270061571000360064220963671OSt20250129093057.0190506m20199999ke a f000 0ceng  a 2019350238 a9789966194718 aDLCbengerdacDLC alcodeapcc af-ke---00aHQ1796.5b.P56 2019 a3262.k400aPioneers and transformers :bthe journeys of women trailblazers in Kenya /ceditor, Enid Mukiri.30aJourneys of women trailblazers in Kenya 1aNairobi :bKenya Yearbook Editorial Board,c2019. avolumes :bcolor illustrations ;c25 x 35 cm. atextbtxt2rdacontent aunmediatedbn2rdamedia avolumebnc2rdacarrier0 aKenya Yearbook Editorial Board biography series ;vvolume 1 0aWomenzKenyavBiography.1 aMukiri, Enid,eeditor.2 aKenya Yearbook Editorial Board.